the ultimante creepypasta quiz - Statistics

General Stats
  • This quiz has been taken 26 times
  • The average score is 2 of 9
Answer Stats
Hint Answer % Correct
girl with clock eye clockwork
100%
creative yet deadly bloody painter
45%
the first creepypasta ted the caver
20%
negative color mickey mouse abandoned by disney
15%
room with a huge set of teeth and gums the smile room
15%
roblox creepy acount 4nn1
10%
the real lost creepypasta cameraheads
10%
creepy ragedy ann doll with a movie annabell the doll
5%
disney jail disneys catacoms
5%
No matching quizzes found
Score Distribution
Percent of People with Each Score
Percentile by Number Answered
Your Score History
You have not taken this quiz